000 00662nam a2200205Ia 4500
003 GCL
008 140319s9999 xx 000 0 ara d
040 _aGCL /
_cGCL
082 0 4 _a973
_bج ت
100 1 _aجريجوريفتش، يوسف
245 1 0 _aتاريخ التدخلات الامريكية المسلحة /
_cجريجوريفتش، يوسف
700 1 _aسعد الفيشاوى
300 _a212 ص
490 _a
650 0 4 _aالولايات المتحدة الامريكية
650 0 4 _aالعمليات الحربية
650 0 4 _aالحرب الاهلية
650 0 4 _aالحرب المكسيكية (1845 - 1848)
942 _2ddc
_cBK
999 _c40683
_d40683